000 00345nam a2200145Ia 4500
008 221030s9999 xx 000 0 und d
020 _a8185749248
041 _aEnglish
100 _aA. P. Verma
245 0 _aOperations Research
_cby A. P. Verma
260 _bKatson
_aNew Delhi
_c2016
300 _a1184
650 _aComputers
942 _cBK
999 _c17260
_d17260